States and Territories of Malaysia in 90 seconds - Statistics

General Stats
  • This quiz has been taken 37 times
    35 since last reset
  • The average score is 13 of 16
Answer Stats
States % Correct
Sabah
94%
Kuala Lumpur
90%
Sarawak
87%
Johor
84%
Labuan
81%
Perlis
81%
Putrajaya
81%
Pahang
77%
Kedah
74%
Malacca
74%
Penang
74%
Perak
74%
Terengganu
74%
Kelantan
71%
Negeri Sembilan
71%
Selangor
71%
No matching quizzes found
Score Distribution
Percent of People with Each Score
Percentile by Number Answered
Your Score History
You have not taken this quiz since the last reset